|
|
|
|
| LEADER |
00000cam a2200000 c 4500 |
| 001 |
027230244 |
| 003 |
DE-627 |
| 005 |
20260206200639.0 |
| 007 |
tu |
| 008 |
710101s1977 gw ||||| 00| ||ger c |
| 015 |
|
|
|a 77,N18,0017
|2 dnb
|
| 015 |
|
|
|a 77,A30,0090
|2 dnb
|
| 016 |
7 |
|
|a 770277608
|2 DE-101
|
| 020 |
|
|
|a 3407511183
|9 3-407-51118-3
|
| 035 |
|
|
|a (DE-627)027230244
|
| 035 |
|
|
|a (DE-603)011783842
|
| 035 |
|
|
|a (DE-576)006282180
|
| 035 |
|
|
|a (DE-599)GBV027230244
|
| 035 |
|
|
|a (OCoLC)3328048
|
| 035 |
|
|
|a (OCoLC)263146511
|
| 035 |
|
|
|a (AT-OBV)AC01588526
|
| 035 |
|
|
|a (DE-604)8021041202
|
| 040 |
|
|
|a DE-627
|b ger
|c DE-627
|e rakwb
|
| 041 |
|
|
|a ger
|
| 044 |
|
|
|c XA-DE
|c XA-CH
|
| 050 |
|
0 |
|a KK3556
|
| 082 |
0 |
|
|a 364.360943
|q OCLC
|
| 084 |
|
|
|a 04a
|2 sdnb
|
| 084 |
|
|
|a 04a
|a 05b
|2 sdnb
|
| 084 |
|
|
|a 1
|2 ssgn
|
| 084 |
|
|
|a PH 8420
|2 rvk
|0 (DE-625)rvk/136501:
|
| 084 |
|
|
|a DG 8500
|2 rvk
|0 (DE-625)rvk/19562:
|
| 084 |
|
|
|a MS 2150
|2 rvk
|0 (DE-625)rvk/123632:
|
| 084 |
|
|
|a MS 2400
|2 rvk
|0 (DE-625)rvk/123637:
|
| 084 |
|
|
|a DG 8000
|2 rvk
|0 (DE-625)rvk/19561:
|
| 100 |
1 |
|
|a Kaiser, Günther
|d 1928-2007
|0 (DE-588)120806045
|0 (DE-627)080898319
|0 (DE-576)16163544X
|4 aut
|
| 109 |
|
|
|a Kaiser, Günther 1928-2007
|a Kajzer, Ginter 1928-2007
|a Kaiser, Günter 1928-2007
|
| 245 |
1 |
0 |
|a Gesellschaft, Jugend und Recht
|b System, Träger und Handlungsstile der Jugendkontrolle
|c Günther Kaiser
|
| 264 |
|
1 |
|a Weinheim [u.a.]
|b Beltz
|c 1977
|
| 300 |
|
|
|a 237 S.
|c 21 cm
|
| 336 |
|
|
|a Text
|b txt
|2 rdacontent
|
| 337 |
|
|
|a ohne Hilfsmittel zu benutzen
|b n
|2 rdamedia
|
| 338 |
|
|
|a Band
|b nc
|2 rdacarrier
|
| 490 |
0 |
|
|a Beltz-Studienbuch
|
| 500 |
|
|
|a Literaturverz. S. 199 - 226
|
| 583 |
1 |
|
|a Archivierung/Langzeitarchivierung gewährleistet
|f PEBW
|x XA-DE-BW
|2 pdager
|5 DE-31
|
| 583 |
1 |
|
|a Archivierung/Langzeitarchivierung gewährleistet
|f SSG
|x XA-DE-BW
|2 pdager
|5 DE-21
|
| 650 |
|
0 |
|a Children
|x Legal status, laws, etc
|z Germany (West)
|
| 650 |
|
0 |
|a Juvenile Delinquency
|z Germany (West)
|
| 650 |
0 |
7 |
|0 (DE-588)4028893-6
|0 (DE-627)106276565
|0 (DE-576)208979999
|a Jugendkriminalität
|2 gnd
|
| 650 |
0 |
7 |
|0 (DE-588)4028925-4
|0 (DE-627)106276484
|0 (DE-576)208980091
|a Jugendrecht
|2 gnd
|
| 650 |
0 |
7 |
|0 (DE-588)4077624-4
|0 (DE-627)104152036
|0 (DE-576)209205849
|a Soziologie
|2 gnd
|
| 650 |
0 |
7 |
|0 (DE-588)4028859-6
|0 (DE-627)104419199
|0 (DE-576)208979859
|a Jugend
|2 gnd
|
| 650 |
0 |
7 |
|0 (DE-588)4055719-4
|0 (DE-627)106157027
|0 (DE-576)209115106
|a Soziale Kontrolle
|2 gnd
|
| 650 |
|
4 |
|a Jugend
|
| 650 |
|
4 |
|a Jugendorganisation
|
| 650 |
|
4 |
|a Kriminalität
|
| 650 |
|
4 |
|a Jugendrecht
|
| 650 |
|
4 |
|a Sozialarbeit
|
| 689 |
0 |
0 |
|d s
|0 (DE-588)4028893-6
|0 (DE-627)106276565
|0 (DE-576)208979999
|a Jugendkriminalität
|2 gnd
|
| 689 |
0 |
1 |
|d s
|0 (DE-588)4055719-4
|0 (DE-627)106157027
|0 (DE-576)209115106
|a Soziale Kontrolle
|2 gnd
|
| 689 |
0 |
2 |
|d s
|0 (DE-588)4028943-6
|0 (DE-627)106276425
|0 (DE-576)208980164
|a Jugendstrafrecht
|2 gnd
|
| 689 |
0 |
|
|5 (DE-627)
|
| 689 |
1 |
0 |
|d s
|0 (DE-588)4077624-4
|0 (DE-627)104152036
|0 (DE-576)209205849
|a Soziologie
|2 gnd
|
| 689 |
1 |
|
|5 (DE-627)
|
| 889 |
|
|
|w (DE-627)422970069
|
| 935 |
|
|
|a mteo
|
| 935 |
|
|
|i Blocktest
|
| 935 |
|
|
|h HEB
|i 0501
|
| 935 |
|
|
|h HEB
|i 0503
|
| 936 |
r |
v |
|a PH 8420
|b Kinderkriminalität; Jugendkriminalität; Frauenkriminalität, Mädchenkriminalität; Alterskriminalität; Ausländerkriminalität
|k Rechtswissenschaft
|k Strafrecht, Strafverfahrensrecht, Kriminologie
|k Kriminologie
|k Soziale Profile; Soziale Gruppen; Tätergemeinschaften (hier auch: Internationale Kriminalität)
|k Kinderkriminalität; Jugendkriminalität; Frauenkriminalität, Mädchenkriminalität; Alterskriminalität; Ausländerkriminalität
|0 (DE-627)1271674998
|0 (DE-625)rvk/136501:
|0 (DE-576)201674998
|
| 936 |
r |
v |
|a DG 8500
|b Sozialpädagogik (Sozialarbeit, Sozialhilfe), Sozialerziehung (Gruppenpädagogik, Jugendarbeit)
|k Pädagogik
|k Spezialfragen der Erziehung
|k Sozialpädagogik (Sozialarbeit, Sozialhilfe), Sozialerziehung (Gruppenpädagogik, Jugendarbeit)
|0 (DE-627)1270769510
|0 (DE-625)rvk/19562:
|0 (DE-576)200769510
|
| 936 |
r |
v |
|a MS 2150
|b Allgemeine Darstellungen
|k Soziologie
|k Spezielle Soziologien
|k Jugendsoziologie
|k Allgemeine Darstellungen
|0 (DE-627)1270710710
|0 (DE-625)rvk/123632:
|0 (DE-576)200710710
|
| 936 |
r |
v |
|a MS 2400
|b Jugendkriminalität und -verwahrlosung
|k Soziologie
|k Spezielle Soziologien
|k Jugendsoziologie
|k Jugendkriminalität und -verwahrlosung
|0 (DE-627)1271440997
|0 (DE-625)rvk/123637:
|0 (DE-576)201440997
|
| 936 |
r |
v |
|a DG 8000
|b Jugendkriminalität, Fürsorgeerziehung, Resozialisierung
|k Pädagogik
|k Spezialfragen der Erziehung
|k Jugendkriminalität, Fürsorgeerziehung, Resozialisierung
|0 (DE-627)1270769502
|0 (DE-625)rvk/19561:
|0 (DE-576)200769502
|
| 936 |
s |
n |
|a d100
|2 mzub
|
| 936 |
s |
n |
|a m200
|2 mzub
|
| 936 |
s |
n |
|a p100
|2 mzub
|
| 951 |
|
|
|a BO
|
| ELC |
|
|
|b 1
|
| LOK |
|
|
|0 000 xxxxxcx a22 zn 4500
|
| LOK |
|
|
|0 001 3122193248
|
| LOK |
|
|
|0 003 DE-627
|
| LOK |
|
|
|0 004 027230244
|
| LOK |
|
|
|0 005 20140707093428
|
| LOK |
|
|
|0 008 930816||||||||||||||||ger|||||||
|
| LOK |
|
|
|0 040
|a DE-21-110
|c DE-627
|d DE-21-110
|
| LOK |
|
|
|0 689
|a s
|a Gesellschaft
|
| LOK |
|
|
|0 689
|a s
|a Jugend
|
| LOK |
|
|
|0 852
|a DE-21-110
|
| LOK |
|
|
|0 852 1
|c D I 49
|m p
|9 00
|
| LOK |
|
|
|0 935
|a k110
|
| LOK |
|
|
|0 936ln
|a 11.1.2.1
|
| LOK |
|
|
|0 938
|k p
|
| LOK |
|
|
|0 939
|a 16-08-93
|b l01
|
| ORI |
|
|
|a SA-MARC-krimdoka001.raw
|
| SIG |
|
|
|a IFK: D I 49
|